[Event "8. LGA Premium Cup 2011"]
[Site "Nürnberg"]
[Date "2011.09.09"]
[Round "3.69"]
[White "Weißbeck, Wolf-Dieter"]
[Black "Troyke, Doreen"]
[Result "0-1"]
[WhiteElo "1705"]
[BlackElo "2079"]
[PlyCount "76"]
[EventDate "2011.??.??"]
[WhiteTeam "SV Alsfeld"]
[BlackTeam "Erfurter SK"]

1. d4 d5 2. Nf3 Nf6 3. g3 c6 4. Bg2 Bf5 5. O-O e6 6. Bg5 Be7 7. Nbd2 h6 8. Bxf6
Bxf6 9. Ne5 O-O 10. e4 Bh7 11. c3 Nd7 12. Nd3 Qc7 13. Qe2 a5 14. e5 Be7 15. Bh3
c5 16. Nf4 Qc6 17. Bg2 c4 18. Rfc1 b5 19. Qf3 Rab8 20. b3 Nb6 21. Nh5 Kh8 22.
Qg4 Bg6 23. Nf4 Bf5 24. Qf3 Ba3 25. g4 Bh7 26. Nh5 Bxc1 27. Rxc1 Nd7 28. Bf1
cxb3 29. Nxb3 a4 30. Nc5 Nxc5 31. dxc5 Be4 32. Qf4 Bg6 33. Nxg7 Kxg7 34. Qf6+
Kh7 35. Re1 Qd7 36. Re3 Qd8 37. Qf4 Kg7 38. h4 Qxh4 0-1

[Event "8. LGA Premium Cup 2011"]
[Site "Nürnberg"]
[Date "2011.09.09"]
[Round "3.70"]
[White "Lodes, Hermann"]
[Black "Felser, Martin"]
[Result "1-0"]
[WhiteElo "2060"]
[BlackElo "1751"]
[PlyCount "119"]
[EventDate "2011.??.??"]
[BlackTeam "SK Marktoberdorf"]

1. d4 g6 2. g3 Bg7 3. Bg2 d6 4. e4 Nf6 5. Nc3 O-O 6. Nge2 Nbd7 7. h3 c5 8. Be3
a6 9. a4 Rb8 10. e5 dxe5 11. dxe5 Nxe5 12. Qxd8 Rxd8 13. Bxc5 Rd7 14. a5 Nc6
15. Be3 Nb4 16. Rc1 Nfd5 17. Ba7 Ra8 18. Bc5 Nxc3 19. Nxc3 Bxc3+ 20. bxc3 Na2
21. Rd1 Nxc3 22. Rxd7 Bxd7 23. Kd2 Na4 24. Bxe7 Re8 25. Bb4 Rd8 26. Kc1 Rc8 27.
Re1 Bf5 28. Re2 Nc3 29. Bxc3 Rxc3 30. Bxb7 Rc7 31. Bxa6 Ra7 32. Bc4 Bxh3 33.
Re8+ Kg7 34. a6 Bf5 35. Rb8 Rc7 36. Rb4 Bc8 37. Ra4 Ra7 38. Kd2 Kf6 39. Ke3 h5
40. f4 Bf5 41. c3 Bc8 42. Kd4 g5 43. fxg5+ Kxg5 44. Kc5 f5 45. Kb6 Rd7 46. Bb5
Rd6+ 47. Kc7 Bxa6 48. Bxa6 Re6 49. c4 Re3 50. c5 Rxg3 51. Kd6 h4 52. c6 h3 53.
c7 h2 54. Bb7 Rc3 55. Ra1 Kh4 56. c8=Q Rxc8 57. Bxc8 f4 58. Bb7 Kg3 59. Rf1 f3
60. Bxf3 1-0

[Event "8. LGA Premium Cup 2011"]
[Site "Nürnberg"]
[Date "2011.09.09"]
[Round "3.71"]
[White "Braun, Michael"]
[Black "Frey, Alisa"]
[Result "0-1"]
[WhiteElo "1871"]
[BlackElo "2085"]
[PlyCount "50"]
[EventDate "2011.??.??"]
[WhiteTeam "SG Büchenbach/Roth e.V."]
[BlackTeam "SC Eppingen"]

1. d4 Nf6 2. c4 g6 3. g3 Bg7 4. Bg2 d5 5. Nf3 O-O 6. O-O Nc6 7. cxd5 Nxd5 8.
Nc3 Nb6 9. e3 Bg4 10. h3 Be6 11. Ng5 Bc4 12. Re1 e5 13. d5 Nb4 14. e4 Nd3 15.
Be3 Nxe1 16. Qxe1 Qe7 17. b3 Ba6 18. Rc1 Rad8 19. Nf3 h6 20. h4 f5 21. exf5
gxf5 22. Qd2 Qd6 23. Rd1 e4 24. Ne1 c6 25. Bf4 Qf6 0-1

[Event "8. LGA Premium Cup 2011"]
[Site "Nürnberg"]
[Date "2011.09.09"]
[Round "3.72"]
[White "Hirschinger, Thomas"]
[Black "Rausch, Wolfgang sr"]
[Result "1/2-1/2"]
[WhiteElo "2029"]
[BlackElo "1863"]
[PlyCount "40"]
[EventDate "2011.??.??"]
[WhiteTeam "SK Landau"]
[BlackTeam "SC Noris-Tarrasch Nürnberg 1873"]

1. e4 Nf6 2. d3 e5 3. g3 Be7 4. Bg2 d5 5. Nd2 O-O 6. Ngf3 dxe4 7. dxe4 Nfd7 8.
O-O f6 9. c3 Nb6 10. Qe2 Be6 11. Rd1 c6 12. Nf1 Qc7 13. b3 Na6 14. h3 Rfd8 15.
Be3 Nc5 16. g4 Rxd1 17. Rxd1 Rd8 18. Ng3 Rxd1+ 19. Qxd1 Qd7 20. Qxd7 Ncxd7
1/2-1/2

[Event "8. LGA Premium Cup 2011"]
[Site "Nürnberg"]
[Date "2011.09.09"]
[Round "3.73"]
[White "Krah, Michael"]
[Black "Dippel, Jörg"]
[Result "1/2-1/2"]
[WhiteElo "1999"]
[BlackElo "1860"]
[PlyCount "67"]
[EventDate "2011.??.??"]
[WhiteTeam "SV Alsfeld"]
[BlackTeam "SC Anderssen Nürnberg 1929 e.V."]

1. d4 d5 2. Nf3 c6 3. c4 e6 4. g3 Nf6 5. Bg2 Nbd7 6. O-O Be7 7. Nc3 O-O 8. b3
b6 9. Bb2 Bb7 10. Re1 Rc8 11. Ne5 Nxe5 12. dxe5 Ne8 13. cxd5 cxd5 14. Nb5 a6
15. Nd4 Bb4 16. Rf1 Bc3 17. Bxc3 Rxc3 18. Rc1 Rxc1 19. Qxc1 Qd7 20. Qe3 Nc7 21.
Rc1 Rc8 22. Rc3 Nb5 23. Rxc8+ Bxc8 24. a4 Nxd4 25. Qxd4 Qc7 26. e4 dxe4 27.
Bxe4 g6 28. h4 h5 29. b4 Bb7 30. Bxb7 Qxb7 31. Qd6 b5 32. a5 Qc8 33. Kh2 Kg7
34. Kg1 1/2-1/2

[Event "8. LGA Premium Cup 2011"]
[Site "Nürnberg"]
[Date "2011.09.09"]
[Round "3.74"]
[White "Walter, Manfred"]
[Black "Leis, Stefan"]
[Result "1/2-1/2"]
[WhiteElo "1721"]
[BlackElo "1909"]
[PlyCount "53"]
[EventDate "2011.??.??"]
[WhiteTeam "SV Lauf a.d.P."]
[BlackTeam "SC Mühlhof-Reichelsdorf e.V."]

1. c4 d6 2. g3 g6 3. Bg2 Bg7 4. Nc3 e5 5. d3 Nc6 6. Rb1 a5 7. a3 Nf6 8. e4 O-O
9. Nge2 Nd4 10. O-O Bg4 11. h3 Nxe2+ 12. Nxe2 Be6 13. f4 Qd7 14. Kh2 Ne8 15. b4
axb4 16. axb4 c6 17. Bb2 exf4 18. Nxf4 Nc7 19. Bxg7 Kxg7 20. Qd2 Kg8 21. Qb2
Qe7 22. Ra1 Bd7 23. Rxa8 Rxa8 24. Ra1 Rxa1 25. Qxa1 Ne6 26. Nxe6 Qxe6 27. Qd4
1/2-1/2

[Event "8. LGA Premium Cup 2011"]
[Site "Nürnberg"]
[Date "2011.09.09"]
[Round "3.75"]
[White "Beesk, Kevin"]
[Black "Seeger, Peter"]
[Result "0-1"]
[WhiteElo "1673"]
[BlackElo "2079"]
[PlyCount "108"]
[EventDate "2011.??.??"]
[WhiteTeam "SK Neumarkt e.V."]
[BlackTeam "SC Noris-Tarrasch Nürnberg 1873"]

1. Nc3 c5 2. Nf3 Nf6 3. d4 cxd4 4. Nxd4 d6 5. g3 e6 6. Bg2 Be7 7. O-O a6 8. e4
O-O 9. Be3 Qc7 10. a4 Nc6 11. Nb3 Ne5 12. Qc1 Nc4 13. f4 Nxe3 14. Qxe3 Rb8 15.
a5 Bd7 16. Rfc1 Bc6 17. Na4 e5 18. fxe5 dxe5 19. Nac5 Bb5 20. c4 Ng4 21. Ne6
Nxe3 22. Nxc7 Bxc4 23. Nd2 Bb5 24. Nxb5 axb5 25. Bf3 Rfc8 26. Be2 Nc2 27. Rab1
Nd4 28. Bg4 Rxc1+ 29. Rxc1 Bb4 30. Nf1 g6 31. Rc7 Bxa5 32. Re7 Nc6 33. Rd7 Bb6+
34. Kg2 Bd4 35. b3 Na5 36. Nd2 Bc3 37. Bd1 Kf8 38. Rd5 Ke7 39. Nf3 Rd8 40. Rxd8
Kxd8 41. Ng5 Ke7 42. Kf2 h6 43. Nf3 Kd6 44. Ke2 Kc5 45. Kd3 Kb4 46. Nd2 Bxd2
47. Kxd2 Nxb3+ 48. Kc2 Ka3 49. Kc3 Nd4 50. Kd2 b4 51. Kc1 Ka2 52. Ba4 b3 53.
Bxb3+ Kxb3 54. Kd2 b5 0-1

[Event "8. LGA Premium Cup 2011"]
[Site "Nürnberg"]
[Date "2011.09.09"]
[Round "3.77"]
[White "Lange, Carsten"]
[Black "Zeug, Klaus-Peter"]
[Result "1-0"]
[WhiteElo "1886"]
[BlackElo "1496"]
[PlyCount "49"]
[EventDate "2011.??.??"]
[WhiteTeam "SK Zirndorf e.V."]
[BlackTeam "SK Nürnberg 1911 e.V."]

1. g3 d5 2. Nf3 e6 3. Bg2 Nf6 4. O-O Nc6 5. d4 Be7 6. c4 h5 7. Nc3 dxc4 8. Qa4
Nd5 9. Qxc4 Nxc3 10. bxc3 Bd7 11. e4 Na5 12. Qe2 h4 13. Be3 hxg3 14. hxg3 Bc6
15. Ne5 Bf6 16. Nxc6 Nxc6 17. e5 Be7 18. Rab1 Qc8 19. Qb5 a6 20. Bxc6+ bxc6 21.
Qxc6+ Kf8 22. Rb7 Bd8 23. Rfb1 Ke7 24. d5 exd5 25. Bc5# 1-0

[Event "8. LGA Premium Cup 2011"]
[Site "Nürnberg"]
[Date "2011.09.09"]
[Round "3.78"]
[White "Münzenberg, Dietrich"]
[Black "Seidel, Michael"]
[Result "0-1"]
[WhiteElo "1598"]
[BlackElo "1925"]
[PlyCount "90"]
[EventDate "2011.??.??"]
[WhiteTeam "Spvg Zabo-Eintracht Nürnberg e.V"]
[BlackTeam "PTSV SK Hof 1892"]

1. d4 Nf6 2. Bg5 c5 3. d5 Qb6 4. Nc3 g6 5. e4 Bg7 6. Bd2 d6 7. f4 O-O 8. Nf3 e6
9. Bc4 exd5 10. Nxd5 Nxd5 11. Bxd5 Be6 12. c4 Bxd5 13. exd5 Re8+ 14. Kf2 Nd7
15. Qc2 Nf6 16. Rhe1 a6 17. h3 Qc7 18. Rab1 b5 19. b3 b4 20. g4 Qd7 21. Kg2
Rxe1 22. Rxe1 Re8 23. Rxe8+ Qxe8 24. Qd3 Ne4 25. Bc1 Nc3 26. a3 Qe2+ 27. Qxe2
Nxe2 28. axb4 Nxc1 29. b5 axb5 30. cxb5 Nxb3 31. b6 Na5 32. Nd2 Nb7 33. Kf3 Kf8
34. Ke3 Ke8 35. Kd3 Na5 36. Nc4 Nb7 37. Kc2 Kd7 38. Kb3 f5 39. Ka4 fxg4 40.
hxg4 h5 41. gxh5 gxh5 42. Kb5 h4 43. Na5 Nxa5 44. Kxa5 Kc8 45. Ka6 Kb8 0-1

[Event "8. LGA Premium Cup 2011"]
[Site "Nürnberg"]
[Date "2011.09.09"]
[Round "3.79"]
[White "Siegl, Melina"]
[Black "Sieber, Heiko"]
[Result "1-0"]
[WhiteElo "1625"]
[BlackElo "1921"]
[PlyCount "83"]
[EventDate "2011.??.??"]
[WhiteTeam "SW Nürnberg Süd e.V."]
[BlackTeam "PTSV SK Hof 1892"]

1. e4 d5 2. exd5 Qxd5 3. Nc3 Qa5 4. Bc4 Nf6 5. d4 c6 6. Nge2 Nbd7 7. O-O b5 8.
Bd3 a6 9. Ne4 e6 10. Bf4 c5 11. dxc5 Nxc5 12. Nxf6+ gxf6 13. c3 Nxd3 14. Qxd3
Bb7 15. Rfd1 Rd8 16. Qe3 Rg8 17. Ng3 Bd5 18. Rd2 Be7 19. Rad1 Qxa2 20. Qb6 h5
21. Rxd5 Rxd5 22. Qc6+ Kf8 23. Bh6+ Rg7 24. Rxd5 Qxd5 25. Qxd5 exd5 26. Nf5 Bd8
27. Nxg7 Kg8 28. Nxh5 d4 29. cxd4 b4 30. b3 a5 31. Kf1 Kh7 32. Be3 f5 33. Nf4
Kg7 34. Ke2 Kf6 35. Kd3 Ke7 36. Kc4 Kd6 37. Nd5 Kc6 38. g3 Kd6 39. h4 a4 40.
bxa4 b3 41. Bc1 Ba5 42. Nb4 1-0

[Event "8. LGA Premium Cup 2011"]
[Site "Nürnberg"]
[Date "2011.09.09"]
[Round "3.80"]
[White "Dreiseitel, Werner"]
[Black "Reimold, Jonas"]
[Result "0-1"]
[WhiteElo "1455"]
[BlackElo "1942"]
[PlyCount "58"]
[EventDate "2011.??.??"]
[WhiteTeam "SC Noris-Tarrasch Nürnberg 1873"]
[BlackTeam "SC Eppingen"]

1. d4 f5 2. g3 g6 3. Bg2 Nf6 4. c4 Bg7 5. Nc3 d6 6. Nf3 O-O 7. O-O Qe8 8. b3 a5
9. Bb2 Na6 10. Rc1 Bd7 11. Ne1 Bc6 12. d5 Bd7 13. Nd3 Rb8 14. Qc2 Qf7 15. e3 g5
16. Ne2 Qh5 17. f3 Rbe8 18. Rce1 Kh8 19. Nd4 Qg6 20. Nf2 Nc5 21. e4 fxe4 22.
fxe4 Ng4 23. Nxg4 Bxg4 24. Rxf8+ Rxf8 25. Nb5 c6 26. Bxg7+ Qxg7 27. Nc3 Qd4+
28. Kh1 Nd3 29. Nd1 Nxe1 0-1

[Event "8. LGA Premium Cup 2011"]
[Site "Nürnberg"]
[Date "2011.09.09"]
[Round "3.81"]
[White "Straschewski, Jörg"]
[Black "Hirschberg, Leander"]
[Result "1/2-1/2"]
[WhiteElo "1907"]
[BlackElo "1745"]
[PlyCount "26"]
[EventDate "2011.??.??"]
[WhiteTeam "TSV Cadolzburg e.V."]
[BlackTeam "SV Pfinztal e. V."]

1. d4 d5 2. c4 dxc4 3. e4 e5 4. Nf3 exd4 5. Bxc4 Bb4+ 6. Bd2 Bxd2+ 7. Nbxd2 Nc6
8. O-O Nf6 9. e5 Nd5 10. Nb3 Bg4 11. Qd3 O-O 12. Nbxd4 Bxf3 13. Nxf3 Nb6
1/2-1/2

[Event "8. LGA Premium Cup 2011"]
[Site "Nürnberg"]
[Date "2011.09.09"]
[Round "3.82"]
[White "Bolduan, Sebastian"]
[Black "Thürauf, Peter"]
[Result "1-0"]
[WhiteElo "2072"]
[BlackElo "1854"]
[PlyCount "83"]
[EventDate "2011.??.??"]
[WhiteTeam "SC Noris-Tarrasch Nürnberg 1873"]
[BlackTeam "SW Nürnberg Süd e.V."]

1. e4 c5 2. Nf3 e6 3. c4 d6 4. d4 cxd4 5. Nxd4 Nf6 6. Nc3 Nc6 7. Be3 Be7 8. Be2
O-O 9. O-O Qc7 10. Rc1 Qb8 11. Nb3 Bd7 12. f4 a5 13. g4 a4 14. Nd2 a3 15. b3
Be8 16. Bd3 Nb4 17. Be2 Nd7 18. Nf3 Ra5 19. Qd2 b6 20. Nd4 Nc5 21. Nc2 Nxc2 22.
Qxc2 Na6 23. Rf3 Nb4 24. Qd2 Bc6 25. Rh3 d5 26. cxd5 exd5 27. e5 Rd8 28. Bd4
Qb7 29. Bd3 g6 30. f5 Bf8 31. Bb1 Be8 32. Qf2 Rc8 33. Rf1 Bb5 34. Nxb5 Rxb5 35.
Qh4 h6 36. fxg6 fxg6 37. Bxg6 Qg7 38. Bf7+ Kh7 39. g5 Bc5 40. g6+ Kh8 41. Bxc5
Rbxc5 42. Qf4 1-0

[Event "8. LGA Premium Cup 2011"]
[Site "Nürnberg"]
[Date "2011.09.09"]
[Round "3.83"]
[White "Walter, Thomas"]
[Black "Holzmayr, Norbert"]
[Result "1-0"]
[WhiteElo "2081"]
[BlackElo "1840"]
[PlyCount "53"]
[EventDate "2011.??.??"]
[WhiteTeam "SC Erlangen 48/88 e.V."]
[BlackTeam "SV Ilmmünster"]

1. e4 Nc6 2. Nc3 e5 3. Bc4 Bc5 4. Nf3 Nf6 5. d3 h6 6. Be3 Bb6 7. Qd2 d6 8.
O-O-O Na5 9. h3 Nxc4 10. dxc4 Qe7 11. Bxb6 axb6 12. Kb1 Be6 13. Qe2 g5 14. Nh2
Qd7 15. Nf1 Qc6 16. Nd5 Bxd5 17. exd5 Qa4 18. a3 Ke7 19. Ne3 Ra5 20. Qf3 Nd7
21. h4 Rha8 22. hxg5 Qb4 23. Nf5+ Ke8 24. Rxh6 Rxa3 25. Rh8+ Nf8 26. Ng7+ Ke7
27. Qf6+ 1-0

[Event "8. LGA Premium Cup 2011"]
[Site "Nürnberg"]
[Date "2011.09.09"]
[Round "3.84"]
[White "Adler, Herbert"]
[Black "Meulner, Fabian"]
[Result "1/2-1/2"]
[WhiteElo "1875"]
[BlackElo "1712"]
[PlyCount "34"]
[EventDate "2011.??.??"]
[WhiteTeam "SG Büchenbach/Roth e.V."]
[BlackTeam "SW Nürnberg Süd e.V."]

1. d4 d6 2. Nf3 Bg4 3. Nbd2 Nd7 4. b3 g6 5. Bb2 Bg7 6. c4 Ngf6 7. Qc2 O-O 8. e4
Nh5 9. Be2 Nf4 10. Bf1 e5 11. h3 Bxf3 12. Nxf3 Qe7 13. O-O-O a5 14. a4 Ne6 15.
dxe5 dxe5 16. Kb1 Nec5 17. g3 Na6 1/2-1/2

[Event "8. LGA Premium Cup 2011"]
[Site "Nürnberg"]
[Date "2011.09.09"]
[Round "3.85"]
[White "Nöckler, Alexander"]
[Black "Babichev, Vyacheslav"]
[Result "1-0"]
[WhiteElo "1848"]
[BlackElo "1732"]
[PlyCount "73"]
[EventDate "2011.??.??"]
[WhiteTeam "SK Weiden 1907"]
[BlackTeam "SW Nürnberg Süd e.V."]

1. c4 e6 2. Nc3 b6 3. e4 Bb7 4. d3 Nf6 5. Nf3 d6 6. Be2 Be7 7. O-O O-O 8. Ne1
Nbd7 9. f4 Ne8 10. Be3 f5 11. Bf3 Bf6 12. Qd2 c6 13. Nc2 Qe7 14. exf5 exf5 15.
Rae1 Qf7 16. b4 Rb8 17. Re2 Be7 18. Rfe1 Nef6 19. Nd4 d5 20. Nxf5 Bxb4 21. Bd4
c5 22. Re7 cxd4 23. Rxf7 Rxf7 24. Nxd4 dxc4 25. Bxb7 Rxb7 26. Nc6 Bc5+ 27. d4
Bf8 28. Nd8 Rc7 29. Nxf7 Kxf7 30. Qe2 Bb4 31. Qe6+ Kf8 32. Re3 Rc8 33. Qf5 Kg8
34. Nd5 c3 35. Nxf6+ gxf6 36. Qxd7 Rf8 37. Rg3+ 1-0

[Event "8. LGA Premium Cup 2011"]
[Site "Nürnberg"]
[Date "2011.09.09"]
[Round "3.87"]
[White "Lais, Thomas"]
[Black "Krawczyk, Harald"]
[Result "1-0"]
[WhiteElo "1929"]
[BlackElo "1526"]
[PlyCount "59"]
[EventDate "2011.??.??"]
[WhiteTeam "SW Nürnberg Süd e.V."]
[BlackTeam "SV Rot-Weiß Neuenhagen"]

1. e4 e5 2. Nf3 Nc6 3. Bb5 Nf6 4. O-O Be7 5. Re1 d6 6. d4 exd4 7. Nxd4 Bd7 8.
Nc3 O-O 9. Bf1 Ne5 10. h3 Ne8 11. Nd5 Bh4 12. g3 Bf6 13. f4 Nc6 14. Nf3 Qc8 15.
Kh2 Bd8 16. b3 Ne7 17. c4 Ng6 18. Bb2 f6 19. Qd2 Ne7 20. Rad1 Ng6 21. Bg2 Bc6
22. Nd4 Bd7 23. Qd3 Ne7 24. Nf3 Ng6 25. Ba3 b6 26. e5 Rf7 27. exf6 Nxf6 28. Ng5
Rf8 29. Nxf6+ Rxf6 30. Qd5+ 1-0

[Event "8. LGA Premium Cup 2011"]
[Site "Nürnberg"]
[Date "2011.09.09"]
[Round "3.88"]
[White "Ortpaul, Mario"]
[Black "Anicic, Dragan"]
[Result "1-0"]
[WhiteElo "1914"]
[BlackElo "1540"]
[PlyCount "95"]
[EventDate "2011.??.??"]
[WhiteTeam "SK Werther"]
[BlackTeam "SC Noris-Tarrasch Nürnberg 1873"]

1. c4 c5 2. Nf3 Nc6 3. Nc3 Nf6 4. d4 cxd4 5. Nxd4 d6 6. g3 g6 7. Bg2 Nxd4 8.
Qxd4 Bg7 9. O-O O-O 10. Qd3 Rb8 11. b3 a6 12. Bb2 Qa5 13. Rac1 Ng4 14. Rfd1 Qc5
15. Qf3 Bh6 16. e3 Ne5 17. Qd5 Bxe3 18. Qxc5 Bxc5 19. Nd5 Nc6 20. Re1 e5 21.
Nf6+ Kg7 22. Ne4 Bb4 23. Red1 Rd8 24. a3 Ba5 25. Nxd6 Be6 26. b4 Nd4 27. Bxd4
exd4 28. Rxd4 Bc7 29. c5 Bxd6 30. cxd6 Rd7 31. Rcd1 Rc8 32. Bf1 Rc3 33. a4 h5
34. b5 a5 35. b6 Bb3 36. R1d2 Rc1 37. f3 Be6 38. Kf2 Rb1 39. Bb5 Rd8 40. Rc2
Rb4 41. Rdd2 Bb3 42. Rc7 Bxa4 43. Bxa4 Rxb6 44. d7 Kf8 45. Rc8 Ke7 46. Re2+ Re6
47. Rxe6+ fxe6 48. Rxd8 1-0

[Event "8. LGA Premium Cup 2011"]
[Site "Nürnberg"]
[Date "2011.09.09"]
[Round "3.89"]
[White "Schweisgut, Jens"]
[Black "Renner, Gabriele"]
[Result "1/2-1/2"]
[WhiteElo "1662"]
[BlackElo "1838"]
[PlyCount "60"]
[EventDate "2011.??.??"]
[WhiteTeam "SV Alsfeld"]
[BlackTeam "FC Bayern München e.V."]

1. e4 c6 2. d4 d5 3. Nc3 dxe4 4. Nxe4 Nd7 5. Nf3 Ngf6 6. Ng3 e6 7. Bd3 c5 8.
O-O cxd4 9. Nxd4 Bc5 10. Nb3 Bb6 11. Bg5 h6 12. Bf4 O-O 13. Bd6 Re8 14. Bb5 a6
15. Be2 Bc7 16. c4 Bxd6 17. Qxd6 Qb6 18. Rfd1 a5 19. Qxb6 Nxb6 20. Nd4 Bd7 21.
b3 Rad8 22. Bf3 Bc8 23. Nb5 a4 24. Nd6 Re7 25. Nxc8 Rxc8 26. Rd6 Nbd7 27. Rad1
axb3 28. axb3 Ne5 29. Rd8+ Rxd8 30. Rxd8+ Re8 1/2-1/2

[Event "8. LGA Premium Cup 2011"]
[Site "Nürnberg"]
[Date "2011.09.09"]
[Round "3.90"]
[White "Schlötterer, Hermann"]
[Black "Forster, Stephan"]
[Result "1-0"]
[WhiteElo "1806"]
[BlackElo "1464"]
[PlyCount "89"]
[EventDate "2011.??.??"]
[WhiteTeam "SC Noris-Tarrasch Nürnberg 1873"]
[BlackTeam "SG Siemens Amberg"]

1. d4 f5 2. g3 Nf6 3. Bg2 g6 4. c4 d6 5. d5 Bg7 6. Nc3 O-O 7. Nf3 a5 8. O-O Na6
9. Qc2 Qe8 10. Be3 e5 11. dxe6 Qxe6 12. b3 Nb4 13. Qd2 Ne4 14. Nxe4 fxe4 15.
Ng5 Qe7 16. Rad1 Bf5 17. a3 Nc6 18. Qd5+ Kh8 19. Bxe4 Rae8 20. Bxf5 Rxf5 21.
Qd2 Ne5 22. h4 Ng4 23. Bd4 Nf6 24. e4 Nxe4 25. Nxe4 Qxe4 26. Bxg7+ Kxg7 27.
Rde1 Qc6 28. Rxe8 Qxe8 29. Re1 Qf7 30. Qd4+ Kg8 31. Re4 d5 32. cxd5 Rxd5 33.
Re8+ Qxe8 34. Qxd5+ Kf8 35. Qxb7 Qe1+ 36. Kg2 Qc3 37. Qf3+ Qxf3+ 38. Kxf3 Kf7
39. Kf4 Kf6 40. g4 h6 41. Ke4 c6 42. f4 g5 43. fxg5+ hxg5 44. h5 Ke6 45. b4 1-0

[Event "8. LGA Premium Cup 2011"]
[Site "Nürnberg"]
[Date "2011.09.09"]
[Round "3.91"]
[White "Siegl, Adrian"]
[Black "Mehringer, Jörg"]
[Result "0-1"]
[WhiteElo "1558"]
[BlackElo "1908"]
[PlyCount "88"]
[EventDate "2011.??.??"]
[WhiteTeam "SW Nürnberg Süd e.V."]
[BlackTeam "SC Weisse Dame e.V."]

1. e4 e5 2. f4 exf4 3. Nf3 g5 4. Bc4 g4 5. Ne5 Nh6 6. d4 d6 7. Nd3 Qh4+ 8. Kf1
f3 9. g3 Qf6 10. e5 dxe5 11. Nxe5 Be6 12. Bxe6 Qxe6 13. Kf2 Bg7 14. Re1 O-O 15.
Bf4 Qf5 16. Qd2 Qh5 17. Kg1 Nf5 18. Nc3 Nc6 19. Nxc6 bxc6 20. Be5 f6 21. Bxc7
Qh3 22. Re4 Bh6 23. Bf4 Bxf4 24. Rxf4 Nd6 25. b3 Rae8 26. Kh1 Re2 27. Rxg4+ Kh8
28. Qxe2 fxe2 29. Rf4 Re8 30. Re1 f5 31. Nxe2 Qh5 32. Rf2 Ne4 33. Rff1 Nd2 34.
Rf2 Qg4 35. Kg2 Qe4+ 36. Kg1 Nf3+ 37. Kf1 Nxe1 38. Kxe1 Qxc2 39. Rg2 Qxa2 40.
h4 Qxb3 41. g4 f4 42. Kf2 f3 43. Rg3 Rxe2+ 44. Kg1 Qd1# 0-1

[Event "8. LGA Premium Cup 2011"]
[Site "Nürnberg"]
[Date "2011.09.09"]
[Round "3.92"]
[White "Heinz, Friedrich"]
[Black "Madlo-Thiess, Franziska"]
[Result "1-0"]
[WhiteElo "1722"]
[BlackElo "1838"]
[PlyCount "79"]
[EventDate "2011.??.??"]
[WhiteTeam "SV Alsfeld"]
[BlackTeam "SC Erlangen 48/88 e.V."]

1. e4 e6 2. d4 d5 3. e5 c5 4. c3 Nc6 5. Nf3 Qb6 6. Be2 cxd4 7. cxd4 Nge7 8. g4
Bd7 9. O-O h5 10. h3 hxg4 11. hxg4 Ng6 12. Nc3 Qd8 13. Bg5 Be7 14. Be3 Nh4 15.
Nxh4 Bxh4 16. Kg2 a6 17. Rh1 Qe7 18. Na4 f6 19. f4 fxe5 20. fxe5 Rf8 21. Nc3
Bc8 22. Qd2 g5 23. Bd3 Qg7 24. Rhf1 Rxf1 25. Rxf1 b6 26. Na4 b5 27. Nc5 Ra7 28.
Rf6 Re7 29. Bg6+ Kd8 30. Qc1 Nb8 31. Qd2 Nc6 32. Qc1 Nb8 33. Bxg5 Bxg5 34. Qxg5
Kc7 35. Qc1 Kd8 36. Qf4 Nc6 37. Bf7 Qh7 38. Bxe6 Bxe6 39. Nxe6+ Kc8 40. Qf5 1-0

[Event "8. LGA Premium Cup 2011"]
[Site "Nürnberg"]
[Date "2011.09.10"]
[Round "4.1"]
[White "Baramidze, David"]
[Black "Köpke, Christian"]
[Result "1-0"]
[WhiteElo "2595"]
[BlackElo "2319"]
[PlyCount "135"]
[EventDate "2011.??.??"]
[WhiteTeam "SV Hockenheim"]
[BlackTeam "SC Tarrasch 45 München"]

1. Nf3 Nf6 2. d4 g6 3. Nc3 d5 4. Bf4 Bg7 5. e3 O-O 6. Be2 c5 7. Ne5 Nc6 8. dxc5
Qa5 9. Qd2 Qxc5 10. O-O-O Ne4 11. Qxd5 Qxd5 12. Rxd5 Nxf2 13. Rf1 Nxe5 14. Bxe5
Ng4 15. Bxg7 Kxg7 16. Bxg4 Bxg4 17. Rf4 Be6 18. Rb5 b6 19. a4 Bd7 20. Rbb4 Rab8
21. Rfd4 Bc6 22. g3 Rfc8 23. Rbc4 Kf8 24. b4 Ke8 25. Kb2 h5 26. b5 Bb7 27. Kb3
e5 28. Rh4 Ke7 29. a5 bxa5 30. Rxc8 Bxc8 31. Ra4 a6 32. Rxa5 Be6+ 33. Kb4 axb5
34. Ra7+ Bd7 35. Ne4 Kd8 36. Nd6 f6 37. Nb7+ Ke8 38. Nc5 Bf5 39. e4 Bg4 40. Rg7
Kf8 41. Rd7 Re8 42. Rd2 f5 43. Kxb5 f4 44. c4 Rb8+ 45. Kc6 Rc8+ 46. Kb6 g5 47.
Rc2 Ke7 48. Nd3 fxg3 49. hxg3 h4 50. gxh4 gxh4 51. Nxe5 Be6 52. c5 h3 53. Nc6+
Kf6 54. e5+ Kg5 55. Nd4 Bd5 56. c6 Kf4 57. e6 Ke5 58. Kc5 Bg2 59. Re2+ Kf6 60.
Rf2+ Ke5 61. Rf5+ Ke4 62. Rh5 Kf4 63. e7 Kg3 64. Kd6 Bxc6 65. Nxc6 Re8 66. Kd7
Rg8 67. Nd4 Kg2 68. Nf3 1-0

[Event "8. LGA Premium Cup 2011"]
[Site "Nürnberg"]
[Date "2011.09.10"]
[Round "4.2"]
[White "Sanikidze, Tornike"]
[Black "Zozulia, Anna"]
[Result "1-0"]
[WhiteElo "2512"]
[BlackElo "2355"]
[PlyCount "53"]
[EventDate "2011.??.??"]
[WhiteTeam "SG Trier"]
[BlackTeam "SV Mülheim-Nord 1931 e"]

1. e4 c5 2. Nf3 e6 3. c3 Nf6 4. e5 Nd5 5. Bc4 Nb6 6. Bb3 d6 7. exd6 Bxd6 8. d4
O-O 9. O-O N8d7 10. Re1 Qc7 11. Bc2 Bf4 12. Qd3 g6 13. Bxf4 Qxf4 14. Nbd2 cxd4
15. Nxd4 Nf6 16. N2f3 Bd7 17. g3 Qc7 18. Ne5 Rad8 19. Qf3 Nfd5 20. Qg4 Nf6 21.
Qf4 Nbd5 22. Qh6 b5 23. Ndf3 Bc8 24. Ng5 Bb7 25. Rad1 Qc5 26. Rd4 Rfe8 27.
Ngxf7 1-0

[Event "8. LGA Premium Cup 2011"]
[Site "Nürnberg"]
[Date "2011.09.10"]
[Round "4.3"]
[White "Mihok, Oliver"]
[Black "Mainka, Romuald"]
[Result "1/2-1/2"]
[WhiteElo "2431"]
[BlackElo "2442"]
[PlyCount "39"]
[EventDate "2011.??.??"]
[WhiteTeam "Sfrd. Berlin 1903 e.V."]
[BlackTeam "SC Hansa Dortmund e.V."]

1. e4 c5 2. Nf3 e6 3. d4 cxd4 4. Nxd4 a6 5. Nc3 Qc7 6. Bd3 Nf6 7. O-O Bc5 8.
Nb3 Be7 9. Qe2 d6 10. f4 Nbd7 11. Kh1 O-O 12. Bd2 b6 13. Rae1 Bb7 14. e5 dxe5
15. fxe5 Nd5 16. Rf3 g6 17. Be4 Nc5 18. Nxc5 bxc5 19. Bh6 Rfe8 20. Qf2 1/2-1/2

[Event "8. LGA Premium Cup 2011"]
[Site "Nürnberg"]
[Date "2011.09.10"]
[Round "4.4"]
[White "Nuber, Korbinian"]
[Black "Schneider, Ilja"]
[Result "1/2-1/2"]
[WhiteElo "2297"]
[BlackElo "2417"]
[PlyCount "55"]
[EventDate "2011.??.??"]
[WhiteTeam "SC Dillingen"]
[BlackTeam "Sfrd. Berlin 1903 e.V."]

1. e4 d5 2. exd5 Qxd5 3. Nc3 Qa5 4. d4 Nf6 5. Nf3 Nc6 6. Bd2 a6 7. Bc4 Qh5 8.
Ne5 Bg4 9. Nxg4 Qxg4 10. Qxg4 Nxg4 11. f3 Nxd4 12. fxg4 Nxc2+ 13. Ke2 Nxa1 14.
Rxa1 e6 15. Ne4 Be7 16. Bb3 c5 17. Rc1 b6 18. a4 O-O 19. Bf4 Rfd8 20. Be5 Kh8
21. Bc4 f5 22. Ng3 Bd6 23. Bc3 fxg4 24. Nh5 e5 25. Rf1 Ra7 26. Rd1 Raa8 27. Rf1
Ra7 28. Rd1 1/2-1/2

[Event "8. LGA Premium Cup 2011"]
[Site "Nürnberg"]
[Date "2011.09.10"]
[Round "4.5"]
[White "Braun, Arik"]
[Black "Zelbel, Patrick"]
[Result "1-0"]
[WhiteElo "2557"]
[BlackElo "2390"]
[PlyCount "143"]
[EventDate "2011.??.??"]
[WhiteTeam "SC Eppingen"]
[BlackTeam "SC Hansa Dortmund e.V."]

1. d4 d5 2. c4 c6 3. Nf3 Nf6 4. Nc3 e6 5. Bg5 h6 6. Bxf6 Qxf6 7. e3 g6 8. Bd3
Bg7 9. O-O O-O 10. Re1 Rd8 11. Qc2 Nd7 12. e4 dxc4 13. Bxc4 Qe7 14. e5 b6 15.
Rad1 Bb7 16. Qe4 Rab8 17. Qf4 c5 18. d5 exd5 19. Bxd5 Nf8 20. Qa4 a6 21. Bxb7
Qxb7 22. Ne4 b5 23. Qc2 c4 24. h4 Rxd1 25. Rxd1 Qe7 26. h5 Rd8 27. Rd6 Rxd6 28.
exd6 Qe6 29. hxg6 Qxg6 30. b3 Qe6 31. bxc4 bxc4 32. Nfd2 c3 33. Nf1 Be5 34. Ne3
Bxd6 35. Nxc3 Bf4 36. Nf1 Qc4 37. Qf5 Qxc3 38. Qxf4 Qc6 39. Ne3 Qg6 40. a4 Ne6
41. Qe5 Qg5 42. Qb8+ Qd8 43. Qb7 Qd3 44. g3 Ng5 45. a5 Kh7 46. Qc6 Qb1+ 47. Kh2
Qg6 48. Qb7 Qe6 49. Kg1 Qf6 50. Kg2 Qe6 51. Kf1 Qf6 52. Ke2 Qe6 53. Qb1+ Kg8
54. Qc2 Ne4 55. Kd3 Nd6 56. Qc6 Qb3+ 57. Ke2 Qb2+ 58. Kf3 Qb7 59. Qxb7 Nxb7 60.
Nc4 Kf8 61. Ke4 Ke7 62. Kd5 Kd7 63. g4 Kc7 64. f3 Kd7 65. f4 f6 66. f5 Nd8 67.
Nd6 Nc6 68. Ne4 Nxa5 69. Nxf6+ Ke7 70. Ng8+ Kf8 71. Nxh6 Nb7 72. f6 1-0